000 00575nam a22001937a 4500
999 _c169324
_d169324
005 20191114171112.0
010 _aENG-126908
020 _c450.00
_a9789388322133
035 _aEN-110440
037 _bDBAD/PUB
082 _aN
100 _aMathew, Varun Thomas
245 _aThe black dwarves of the good little bay /
_cby Varun Thomas Mathew
260 _aGurugram
_bHachette Book Publishing
_c2019
270 _a4th / 5th Floors, Corporate Centre, Plot No.94, Sector-44, Gurugram
_e122003
300 _a293p.
_c19cm(pbk)
700 _a
942 _2ddc
_cEN
_hN
_mMAT